=LDR 00000nam 2200000 4500 =001 001135 =005 20250714084117 =035 ##$$a 0010-0725001019 =007 ta =008 250714################a##########1#ind## =020 ##$$a 978-602-244-286-8 =082 ##$$a 398.209 598 =084 ##$$a 398.209 598 RUR k =100 #$$a Ruri irawati =245 1#$$a Kacamata super opin /$c Ruri irawati =250 ##$$a Cetakan pertama =260 ##$$a Jakarta pusat :$b Badan pengembangan dan pembinaan bahasa,$c 2019 =300 ##$$a 32hlm. : $b Ilus. ; $c 25cm =650 #4$$a Cerita anak-indonesia